000 00267nam a2200109Ia 4500
008 200302s9999 xx 000 0 und d
100 _aZentrum Paul Klee, Bern
245 _aThe Architecture
260 _bHatje Cantz Verlaj, Germany
260 _c2006
300 _a159 P
999 _c4884
_d4884